|
|
|
|
| LEADER |
00000nab a2200000ua 4500 |
| 001 |
vtls010814780 |
| 003 |
SK-MaSNL |
| 005 |
20260303114828.0 |
| 008 |
230127s1960 xo |||||||||||||||||slo| |
| 035 |
|
|
|a (urnnbn)urn:nbn:sk:snk:ar-a04jj1
|
| 035 |
|
|
|a urn:nbn:sk:snk-ab5jjg
|
| 035 |
|
|
|a (uuid)258af4ae-fd46-4e07-b64e-a82041a26e59
|
| 040 |
|
|
|a SNKBUCL
|b slo
|c SNKBUCL
|e AACR2
|
| 041 |
0 |
|
|a slo
|
| 044 |
|
|
|a xo
|c SK
|
| 100 |
1 |
|
|a Stanek, Ivan,
|d 1915-1972
|4 aut
|9 103178
|
| 245 |
1 |
0 |
|a Predmetom výskumu je živá bunka
|c Ivan Stanek
|
| 773 |
0 |
|
|t Naša veda : časopis SAV
|g Roč. 7, č. 9 (1960), s. 519-521
|
| 954 |
|
|
|a odborná, vedecká literatúra pôvodná (slovenská)
|2 lita
|
| 958 |
|
|
|a OND
|
| 958 |
|
|
|a EUIPO
|
| 958 |
|
|
|a article5
|
| 999 |
|
|
|c 1900713
|d 1902643
|